LE SSERAFIM Discography - Statistics

General Stats
  • This quiz has been taken 171 times
  • The average score is 18 of 27
Answer Stats
FEARLESS % Correct
FEARLESS
93%
ANTIFRAGILE
92%
UNFORGIVEN (feat. Nile Rogers)
91%
EASY
89%
Perfect Night
85%
Smart
85%
Sour Grapes
78%
Impurities
76%
Blue Flame
75%
Swan Song
71%
The Great Mermaid
69%
Good Parts (when the quality is bad but I am)
68%
No Celestial
68%
The Hydra
67%
The World Is My Oyster
66%
Good Bones
64%
Eve, Psyche & The Bluebeard's wife
63%
FEARNOT (Between you, me and the lampost
63%
We got so much
62%
Fire in the belly
58%
Burn the Bridge
57%
Flash Forward
55%
Jewelry (Prod. imase)
54%
No-Return (Into the unknown)
52%
Choices
49%
Guardian
37%
Dresscode (Prod. imase)
31%
No matching quizzes found
Score Distribution
Percent of People with Each Score
Percentile by Number Answered
Your Score History
You have not taken this quiz